Music Quiz

Random Music or Bands Quiz
Score 0/20 Timer 03:00
4 Plays Today
% Correct
The Beatles (Sgt. Pepper's Lonely Hearts Club Band)
86.4%
Adele (21)
80.1%
Guns N' Roses (Appetite for Destruction)
77.8%
Michael Jackson (Bad)
71%
Britney Spears (...Baby One More Time)
68.4%
The Who (Who's Next)
59.9%
Tracy Chapman (Tracy Chapman)
58.3%
Meat Loaf (Bat Out of Hell)
57.3%
The Velvet Underground & Nico (The Velvet Underground & Nico)
54.6%
Radiohead (The Bends)
51.1%
% Correct
Beyoncé (4)
49.6%
Salt-N-Pepa (A Salt with a Deadly Pepa)
49.5%
AC/DC (Highway to Hell)
49.3%
Cyndi Lauper (She's So Unusual)
49.1%
U2 (Rattle and Hum)
47.5%
P!nk (Missundaztood)
47.2%
Avril Lavigne (The Best Damn Thing)
42.8%
Kate Bush (Hounds of Love)
31.8%
Red Hot Chili Peppers (By the Way)
30.1%
Bryan Adams (Waking Up the Neighbors)
22.1%
Remove Ads.
Support Sporcle.
Get the best of Sporcle when you Go Orange. This ad-free experience offers more features, more stats, and more fun while also helping to support Sporcle. Thank you for becoming a member.

You're not logged in!

Compare scores with friends on all Sporcle quizzes.
OR
Log In

Show Comments

Extras

Top Quizzes Today


Score Distribution

Your Account Isn't Verified!

In order to create a playlist on Sporcle, you need to verify the email address you used during registration. Go to your Sporcle Settings to finish the process.

Report this User

Report this user for behavior that violates our Community Guidelines.

Details: